Littérature par lettre - C - Statistiques

Statistiques générales
  • Ce quiz a été pris 225 fois
  • Le résultat moyen est 12 sur 20
Statistiques - réponses
Questions Réponses % Correct
Quelle oeuvre est le livre saint de l'Islam ? Le Coran
99%
Quel écrivain français a écrit "L'Etranger" ou encore "La Peste" ? Albert Camus
98%
Quel roman de Roald Dahl met en scène un petit garçon ayant la chance d'aller dans l'usine de Willy Wonka ? Charlie et la Chocolaterie
92%
Quelle pièce de théâtre d'Edmond Rostand comprend un mousquetaire au long nez ? Cyrano de Bergerac
90%
Quel auteur et dramaturge français a écrit "Le Cid" ? Pierre Corneille
89%
Quel écrivain français est l'auteur de "Voyage au bout de la nuit", avec le personnage de Bardamu étant quasiment le double de l'auteur ? Louis-Ferdinand Céline
79%
Quel roman de Jack London met en oeuvre l'histoire d'un chien-loup se trouvant confronté au monde des hommes ? Croc-Blanc
77%
Quel conte philosophique de Voltaire suit la vie d'un jeune homme naïf, expulsé d'un château allemand après une aventure amoureuse avec Cunégonde ? Candide
76%
Quel écrivain romantique a écrit "Les Mémoires d'outre-tombe" ? François-René de Chateaubriand
64%
Quelle romancière française a écrit "La Chatte" ou encore "Claudine à l'école" ? Colette
57%
Quel écrivain antillais du XXème siècle est la figure de proue de l'anticolonialisme ? Aimé Césaire
52%
Quel recueil de poème rédigé par Victor Hugo apparaît comme un hommage à sa fille Léopoldine, tragiquement décédée jeune ? Les Contemplations
51%
Quel mouvement artistique et littéraire se caractérise par la recherche de perfection, du bon goût notamment avec une inspiration auprès des œuvres antiques ? Classicisme
45%
Quel écrivain "français" est considéré comme l'un des premiers romanciers de l'histoire, avec des romans de chevalierie ? Chrétien de Troyes
39%
Quel roman de Stendhal narre les dilemmes de Fabrice Del Dongo en plein coeur des guerres napoléoniennes ? La Chartreuse de Parme
39%
Quel roman écrit par Gabriel Garcia Marquez narre l'histoire d'un village depuis sa fondation jusqu'à sa destruction, en cent ans de vie ? Cent ans de solitude
38%
Quel registre littéraire a pour but de divertir le public via la dédramatisation d'une situation originellement angoissante ? Comique
36%
Quel philosophe écrivain français est le fondateur du positivisme ? Auguste Comte
24%
Quel écrivain suisse a écrit "Le Livre de ma Mère", en 1954 ? Albert Cohen
15%
Quel écrivain suisse et français a mis en oeuvre "La prose du transsibérien et de la petite Jehanne de France", après avoir eu un passé de poilu dans la Grande Guerre ? Blaise Cendrars
14%
Aucun quiz correspondant
Distribution des résultats
% des personnes avec chaque résultat
Percentile par nombre de réponses
Votre historique - résultats
Vous n’avez pas pris ce quiz